LEADER 01338nam a2200277 i 4500 001 000000185762 003 CaOOAMICUS 005 20220808130204.0 008 151120s1747 it u000 u ita u 013 $a163796 026 $aRAsi i-te t.in fulo (3) 1747 (R) 040 $aSeMil$bita 100 1 $aDi Giovanni, Giovanni,$d<1699-1753>.$0(OLS)http://semarc/name/68273 245 13$aLa storia de' seminarj chiericali raccolta da Giovanni Di Giovanni .. 260 $aIn Roma :$bNella Stamperia di Pallade. Appresso Niccolò e Marco Pagliarini,$c1747. 300 $aXI, [1], 175, [1] ;$c4°. 500 $aIniz., fregi xilogr. - Vignetta xilogr. su front. stampato in rosso e nero 500 $aSegn.: a6 A-Y4 650 4$aSeminari - Storia.$0(OLS)http://semarc/subject/1176 700 1 $aPagliarini, Niccolò & Pagliarini, Marco,$c.$0(OLS)http://semarc/name/10654 710 2 $aPallade$b.$0(OLS)http://semarc/name/11620 850 $aSeMil 852 $aSeMil$W1$xVenegono$y1$m3G V 22 FA$j136453$B136453$CSeMilBibl$Z2$F147983 $8I 996 $6245$aLa storia de' seminarj chiericali raccolta da Giovanni Di Giovanni ..$9(OLS)http://semarc/title/267035 996 $6260$aIn Roma :$bNella Stamperia di Pallade. Appresso Niccolò e Marco Pagliarini$9(OLS)http://semarc/publisher/49873 LEADER 00557nab a2200145 i 4500 001 000000275459 003 CaOOAMICUS 005 20110610000000.0 008 110610n xx uu u0 0und r 013 $a24733 040 $aSeMil$bita 245 10$aDall'educare alla catechesi. - 16 p. - Titolo principale dalla prima pagina. 500 $a5 giugno 2011. 773 0 $t[2011 : Gennaio-Giugno].$dBologna : Centro Editoriale Dehoniano, 2011.$w()196099 996 $6245$aDall'educare alla catechesi. - 16 p. - Titolo principale dalla prima pagina.$9(OLS)http://semarc/title/361455